Dlhodobý finančný plán a aplikácia moderných metód hodnotenia výkonnosti v dlhodobom finančnom pláne diplomová práca

Na minha lista:
Detalhes bibliográficos
Autor principal: Železníková, Anna
Autor Corporativo: Fakulta podnikového manažmentu EU. Katedra podnikových financií
Outros Autores: Kráľovič, Jozef
Formato: Livro
Idioma:eslovaco
Publicado em: Bratislava 2009
Tags: Adicionar Tag
Sem tags, seja o primeiro a adicionar uma tag!

MARC

LEADER 00000nam$a2200000$$$4500
001 0101603
005 20240319124447.5
041 0 |a slo 
044 |a SK 
245 1 0 |a Dlhodobý finančný plán a aplikácia moderných metód hodnotenia výkonnosti v dlhodobom finančnom pláne  |b diplomová práca  |c Anna Železníková ; škol. Jozef Kráľovič 
264 1 |a Bratislava  |c 2009 
300 |a 99 s. 
100 1 |a Železníková, Anna 
700 1 |a Kráľovič, Jozef 
710 2 |a Fakulta podnikového manažmentu EU. Katedra podnikových financií